<?xml version="1.0" encoding="UTF-8"?>
<record
    xmlns:xsi="http://www.w3.org/2001/XMLSchema-instance"
    xsi:schemaLocation="http://www.loc.gov/MARC21/slim http://www.loc.gov/standards/marcxml/schema/MARC21slim.xsd"
    xmlns="http://www.loc.gov/MARC21/slim">

  <leader>01835cam a22002057a 4500</leader>
  <datafield tag="040" ind1=" " ind2=" ">
    <subfield code="c">DLC</subfield>
  </datafield>
  <datafield tag="082" ind1=" " ind2=" ">
    <subfield code="a">334 FAO 2007 A084 Or.</subfield>
  </datafield>
  <datafield tag="100" ind1="1" ind2=" ">
    <subfield code="a">Dethier, Jean-Jacques,</subfield>
  </datafield>
  <datafield tag="245" ind1="1" ind2="0">
    <subfield code="a">Guideline for rapid appraisals of agrifood chain performance in developing countries</subfield>
  </datafield>
  <datafield tag="260" ind1=" " ind2=" ">
    <subfield code="a">[Washington, D.C. :</subfield>
    <subfield code="b">World Bank,</subfield>
    <subfield code="c">2008]</subfield>
  </datafield>
  <datafield tag="490" ind1="1" ind2=" ">
    <subfield code="a">Policy research working paper ;</subfield>
  </datafield>
  <datafield tag="500" ind1=" " ind2=" ">
    <subfield code="a">Title from PDF file as viewed on 5/8/2009.</subfield>
  </datafield>
  <datafield tag="520" ind1="3" ind2=" ">
    <subfield code="a">"This paper surveys the recent literature which examines the impact of business climate variables on productivity and growth in developing countries using enterprise surveys.  Comparable enterprise surveys today cover some 70,000 firms in over 100 countries around the world.  The literature that has analyzed this data provides evidence that a good business climate drives growth by encouraging investment and higher productivity.  Various infrastructure, finance, security, competition and regulation variables have been shown to significantly impact firm performance.  Section 1 of this paper outlines the theoretical framework that underpins the investment climate literature.  Section 2 describes the available datasets and surveys the key findings of the empirical literature, first macroeconomic and then microeconomic studies.  Particular attention is paid to the robustness of the reported results.  Section 3 highlights important econometric issues common to this literature and suggests a research agenda and possible improvements in survey design. "--World Bank web site.</subfield>
  </datafield>
  <datafield tag="650" ind1=" " ind2="0">
    <subfield code="a">Industrial productivity</subfield>
  </datafield>
  <datafield tag="700" ind1="1" ind2=" ">
    <subfield code="a">Hirn, Maximilian.</subfield>
  </datafield>
  <datafield tag="700" ind1="1" ind2=" ">
    <subfield code="a">Straub, Stephane.</subfield>
  </datafield>
  <datafield tag="710" ind1="2" ind2=" ">
    <subfield code="a">World Bank.</subfield>
  </datafield>
  <datafield tag="856" ind1="4" ind2="0">
    <subfield code="u">http://econ.worldbank.org/external/default/main?pagePK=64165259&amp;theSitePK=469372&amp;piPK=64165421&amp;menuPK=64166093&amp;entityID=000158349_20081205165155</subfield>
  </datafield>
  <datafield tag="942" ind1=" " ind2=" ">
    <subfield code="c">AEDBB</subfield>
  </datafield>
  <datafield tag="999" ind1=" " ind2=" ">
    <subfield code="c">21118</subfield>
    <subfield code="d">21118</subfield>
  </datafield>
  <datafield tag="952" ind1=" " ind2=" ">
    <subfield code="0">0</subfield>
    <subfield code="1">0</subfield>
    <subfield code="4">0</subfield>
    <subfield code="6">334_000000000000000_FAO_2007_A084_OR</subfield>
    <subfield code="7">0</subfield>
    <subfield code="9">92944</subfield>
    <subfield code="a">LBA</subfield>
    <subfield code="b">LBA</subfield>
    <subfield code="c">A084</subfield>
    <subfield code="d">2023-02-15</subfield>
    <subfield code="o">334 FAO 2007 A084 Or.</subfield>
    <subfield code="p">a071782</subfield>
    <subfield code="r">2023-02-15</subfield>
    <subfield code="w">2023-02-15</subfield>
    <subfield code="y">AEDBB</subfield>
  </datafield>
</record>
